Pavúčie kosti

Johna Loweryho vyhlásili za mŕtveho v roku 1968. Podľa záznamov zahynul pri páde helikoptéry vo Vietname a jeho telo pochovali v Severnej Karolíne. O štyridsať rokov neskôr zavolajú Tempe Brennanovú k mŕtvole muža zabaleného v igelitovej fólii, ktorú vytiahli z rybníka na juhu Québecu. Krátko nato o...

Celý popis

Podrobná bibliografia
Hlavný autor: Reichs, Kathy, 1950- (Autor)
Ďalší autori: Turčanová, Katarína, 1978- (Rozprávač-komentátor)
Médium: CD Zvuková nahrávka
Jazyk:slovenčina
angličtina
Fyzický popis:1 elektronický optický disk (CD-ROM) digitál., MP3 12 cm
Vydavateľské údaje: V Levoči Slovenská knižnica pre nevidiacich Mateja Hrebendu 2019
ISBN:9788018078877 (CDROM)
Predmet:

MARC

LEADER 00000cim a2200000 a 4500
001 vtls011874846
003 SK-MaSNL
005 20260302092828.0
007 sd fungnnmmnud
008 190702s2019 xo nnnnfs f n slo
015 |a SNBJ2019 
020 |a 9788018078877 (CDROM) 
040 |a SNK  |b slo  |c SNK  |e AACR2 
041 1 |d slo  |h eng 
044 |a xo  |c SK 
072 7 |a 821.111(73)-3  |x Americká próza  |2 konspekt 
080 |a 821.111(73)-31  |2 2011 
080 |a (0:82-312.4)  |2 2011 
080 |a (086.76)  |2 2011 
100 1 |a Reichs, Kathy,  |d 1950-  |4 aut  |9 57911 
245 1 0 |a Pavúčie kosti  |h elektronický zdroj  |c Kathy Reichs ; číta: Katarína Turčanová 
260 |a V Levoči  |b Slovenská knižnica pre nevidiacich Mateja Hrebendu  |c 2019 
300 |a 1 elektronický optický disk (CD-ROM)  |b digitál., MP3  |c 12 cm 
306 |a 130000 
520 8 |a Johna Loweryho vyhlásili za mŕtveho v roku 1968. Podľa záznamov zahynul pri páde helikoptéry vo Vietname a jeho telo pochovali v Severnej Karolíne. O štyridsať rokov neskôr zavolajú Tempe Brennanovú k mŕtvole muža zabaleného v igelitovej fólii, ktorú vytiahli z rybníka na juhu Québecu. Krátko nato obeť identifikujú ako Johna Loweryho. Ako mohol jeden človek umrieť dvakrát? 
521 |a Pre nevidiacich, slabozrakých a inak zdravotne postihnutých 
655 7 |a zvukové záznamy  |2 SNKPH  |9 70720 
655 7 |a americké romány  |2 SNKPH  |9 1174 
655 7 |a detektívne romány  |2 SNKPH  |9 70455 
655 7 |a CD-ROM  |2 SNKPH  |9 70236 
700 1 |a Turčanová, Katarína,  |d 1978-  |4 nrt  |9 197532 
787 0 8 |i Podľa knihy:  |t Pavúčie kosti  |d Bratislava : Slovart, 2018  |z 978-80-556-3376-3 
919 |a 978-80-18-07887-7 
958 |a SX 
958 |a LX 
958 |a UP 
999 |c 1206309  |d 1208239 
952 |a SNK  |b SNK  |y PREZ  |7 0  |p 17A1391662  |o snkSCD 5098  |i snk2019/27750  |8 0  |0 0  |1 0  |4 0  |d 2019-10-30  |l 0  |r 2026-02-24 22:57:35  |w 2026-02-24